Littérature - Histoire et violence (1) - Statistiques

Statistiques générales
  • Ce quiz a été pris 10 fois
  • Le résultat moyen est 2 sur 12
Statistiques - réponses
Hint Réponse % Correct
Quel autre auteur italien rédige un témoignage fondateur de l'expérience concentrationnaire en 1947 ? Primo Levi
78%
Quel est le titre de cette oeuvre ? Si c'est un Homme
78%
De quelle œuvre de Kafka peut-on rapprocher cette rationalité administrative, industrielle des camps, où l'on est déporté sans savoir pourquoi ? Le Procès
56%
En quelle année ? 1917
22%
Quel tableau de Paul Klee représentant un ange semble "avoir le visage tourné vers le passé" selon Walter Benjamin ? Angelus Novus
0%
Qui écrit l'Univers concentrationnaire en 1946 ? David Rousset
0%
Comment appelle-t-on l'écriture des rescapés des camps de la Seconde Guerre Mondiale ? Écriture concentrationnaire
0%
Quelle œuvre de Giorgio Agamben décrit-elle la déshumanisation, l'homme qu'on peut tuer sans que cela soit un meurtre ? Homo Sacer
0%
Quel poème d'Henri Michaux décrit une guerre avec des mots qui n'existent pas dans la langue française ? Le Grand Combat
0%
Qui est le théoricien du concept de mémoire obligée, de devoir de mémoire, d’éthique de témoignage ? Paul Ricoeur
0%
Qui écrit l'Espèce humaine en 1947, qui témoigne de la violence des camps ? Robert Antelme
0%
Quel peintre a peint la bataille de Verdun sans que l'on n'y puisse voir aucun Homme ? Vallodon
0%
Aucun quiz correspondant
Distribution des résultats
% des personnes avec chaque résultat
Percentile par nombre de réponses
Votre historique - résultats
Vous n’avez pas pris ce quiz